| 000 | 00468nim a2200193 i 4500 | ||
|---|---|---|---|
| 001 | bgj | ||
| 100 | 1 | _aWETZ, Ben | |
| 245 | 1 | 0 |
_aAdventures / _cBen Wetz. |
| 260 |
_aOxford : _bOxford University Press, _c2002. |
||
| 300 | _aset of 2 CDs. | ||
| 650 | 9 | _aEnglish language | |
| 655 | _aTextbooks for foreigners | ||
| 020 | _a0194703290 | ||
| 040 | _cBPK | ||
| 041 | 0 | _aeng | |
| 920 | _a0-19-470329-0 | ||
| 942 | _cCD | ||
| 008 | s uk f |000 0 eng | ||
| 999 |
_c41210 _d41210 |
||
| 856 |
_uhttp://koha.tu.koszalin.pl/cgi-bin/koha/opac-detail.pl?biblionumber=41210 _yKatalog online BPK |
||